Normal view
MARC view
- Bijarani (Pakistani people)
Entry Topical Term
001 - CONTROL NUMBER
- control field: 4583
003 - CONTROL NUMBER IDENTIFIER
- control field: NUST
005 - DATE AND TIME OF LATEST TRANSACTION
- control field: 20170914103625.0
008 - FIXED-LENGTH DATA ELEMENTS
- fixed length control field: 170914|| aca||aabn | a|a d
040 ## - CATALOGING SOURCE
- Original cataloging agency: NUST
- Transcribing agency: NUST
150 ## - HEADING--TOPICAL TERM
- Topical term or geographic name entry element: Bijarani (Pakistani people)
- Geographic subdivision: Pakistan
- Geographic subdivision: Sindh
- General subdivision: History.
670 ## - SOURCE DATA FOUND
- Source citation: Work cat.: (NUST)0: 880-01 Buk̲h̲ārī, Mumtāzu. 4582, Bijārānī qabīlah tārīk̲h̲ ke āʼīne men̲ /, 2012.
